| 000 | 01548nam a2200337 a 4500 | ||
|---|---|---|---|
| 001 | ebr10194663 | ||
| 003 | CaPaEBR | ||
| 006 | m u | ||
| 007 | cr cn||||||||| | ||
| 008 | 030212s2003 ilua sb 000 0 eng | ||
| 020 | _z0838908527 (alk. paper) | ||
| 040 |
_aCaPaEBR _cCaPaEBR |
||
| 035 | _a(OCoLC)76269901 | ||
| 043 | _an-us--- | ||
| 050 | 1 | 4 |
_aZ718.3 _b.F38 2003eb |
| 082 | 0 | 4 |
_a027.62/51 _221 |
| 100 | 1 | _aFaurot, Kimberly K. | |
| 245 | 1 | 0 |
_aBooks in bloom _h[electronic resource] : _bcreative patterns and props that bring stories to life / _cKimberly K. Faurot. |
| 260 |
_aChicago : _bAmerican Library Association, _c2003. |
||
| 300 |
_avii, 231 p. : _bill. |
||
| 504 | _aIncludes bibliographical references (p. 226-228). | ||
| 505 | 0 | _aPuppet/prop assembly stories -- Overhead projector stories -- Finger puppets -- Flannel/felt board stories -- Combination prop stories -- Stick puppets/rod puppets -- Hand puppets. | |
| 533 |
_aElectronic reproduction. _bPalo Alto, Calif. : _cebrary, _d2013. _nAvailable via World Wide Web. _nAccess may be limited to ebrary affiliated libraries. |
||
| 650 | 0 |
_aStorytelling _zUnited States. |
|
| 650 | 0 |
_aChildren's libraries _xActivity programs _zUnited States. |
|
| 650 | 0 |
_aLibraries and puppets _zUnited States. |
|
| 650 | 0 |
_aStorytelling _zUnited States _xAudio-visual aids. |
|
| 655 | 7 |
_aElectronic books. _2local |
|
| 710 | 2 | _aebrary, Inc. | |
| 856 | 4 | 0 |
_uhttp://site.ebrary.com/lib/rucke/Doc?id=10194663 _zAn electronic book accessible through the World Wide Web; click to view |
| 999 |
_c114050 _d114050 |
||